|
|
|
|
| LEADER |
00000nab a2200000 a 4500 |
| 001 |
vtls000513071 |
| 003 |
SK-MaSNL |
| 005 |
20260304171820.0 |
| 008 |
250425c1993 xo 0 slo |
| 015 |
|
|
|a SNBRB19rr/mm-uuuuu
|
| 035 |
|
|
|a CL0513209
|
| 035 |
|
|
|a urn:nbn:sk:snk-abalyh
|
| 035 |
|
|
|a (urnnbn)urn:nbn:sk:snk:ar-008fj5
|
| 035 |
|
|
|a (uuid)3c438627-6eac-475d-8594-2c2e01f3f166
|
| 040 |
|
|
|a SNKBUCL
|b slo
|c SNKBUCL
|e AACR2
|
| 041 |
0 |
|
|a slo
|
| 044 |
|
|
|a xo
|c SK
|
| 080 |
|
|
|a 617.72-089.5
|2 1981
|
| 100 |
1 |
|
|a Černák, Andrej,
|d 1945-
|4 aut
|9 109037
|
| 245 |
1 |
0 |
|a Efektívnosť peribulbárnej anestézy pre chirurgiu predného segmentu oka
|c Andrej Černák
|
| 300 |
|
|
|b Obr. 1, res. angl., slov., lit. 9 zázn. v angl.
|
| 650 |
0 |
7 |
|a anestézia
|2 snkbucl
|9 14352
|
| 655 |
|
7 |
|a články z novín a časopisov
|2 snkbucl
|9 267496
|
| 773 |
0 |
|
|t Česko-slovenská oftalmologie
|g Roč. 49, č. 2 (1993), s. 76-80
|x 0009-059X
|
| 850 |
|
|
|a Slovenská národná knižnica
|
| 852 |
|
|
|a Slovenská národná knižnica
|
| 954 |
|
|
|a odborná, vedecká literatúra pôvodná (slovenská)
|2 lita
|
| 958 |
|
|
|a article14
|
| 958 |
|
|
|a NB
|
| 958 |
|
|
|a RK
|
| 958 |
|
|
|a MI
|
| 958 |
|
|
|a OND
|
| 958 |
|
|
|a EUIPO
|
| 992 |
|
|
|a RBX
|
| 999 |
|
|
|c 2995187
|d 2997117
|